ნორმალური ფორმატი
MARC ფორმატი
ჩანაწერი Personal Name
ჩანაწერთა რაოდენობა, რომელიც გამოყენებულია: 2
001 - CONTROL NUMBER
- control field: 11204
003 - CONTROL NUMBER IDENTIFIER
- control field: GE_BSU
005 - DATE AND TIME OF LATEST TRANSACTION
- control field: 20210408141954.0
008 - FIXED-LENGTH DATA ELEMENTS
- fixed length control field: 210408|| aca||aabn | a|a d
040 ## - CATALOGING SOURCE
- Original cataloging agency: GE_BSU
- Transcribing agency: GE_BSU
100 ## - HEADING--PERSONAL NAME
- Personal name: გოშხეთელიანი, ი.
- Relator term: სამეცნ. ხელმძღვანელი
670 ## - SOURCE DATA FOUND
- Source citation: Work cat.: (GE_BSU): მაკა ბალაძე 11203, ევფემიზმების და დისფემიზმების გამოყენების თავისებურებები ინგლისურენოვანი და ქართული პრესის დისკურსში /
